| 000 | 00856nam a2200277 i 4500 | ||
|---|---|---|---|
| 001 | 200462761 | ||
| 003 | TR-AnTOB | ||
| 005 | 20241016100046.0 | ||
| 007 | ta | ||
| 008 | 241016s2023 tu |||| |||| 00| 0 tur d | ||
| 020 | _a9786257325370 | ||
| 040 |
_aTR-AnTOB _beng _erda _cTR-AnTOB |
||
| 041 | 0 | _atur | |
| 050 |
_aPL248.A9353 _bY87 2023 |
||
| 090 |
_aPL248.A9353 _bY87 2023 |
||
| 100 |
_aAydın, Ayhan, _d1970- _eauthor _9101930 |
||
| 245 | 1 | 0 |
_aYüreğimde ince dallar kırılır: _biç dünyadan seslenişler (şiirler, öyküler, denemeler) / _cAyhan Aydın. |
| 264 | 1 |
_aİstanbul : _bDemos Yayınları, _c2023. |
|
| 300 |
_a515 pages ; _c23 cm |
||
| 336 |
_atext _btxt _2rdacontent |
||
| 337 |
_aunmediated _bn _2rdamedia |
||
| 338 |
_avolume _bnc _2rdacarrier |
||
| 650 | 0 |
_aTürk edebiyatı _986354 |
|
| 942 |
_2lcc _cBK |
||
| 999 |
_c200462761 _d80973 |
||